|
|
|
|
| LEADER |
00000cam a2200000 7i4500 |
| 001 |
0000068430 |
| 005 |
20120213093000.0 |
| 008 |
100727s2000 jo ara |
| 020 |
|
|
|a 9789957060602
|
| 020 |
|
|
|a 9957060600
|
| 050 |
0 |
0 |
|a LB1028.5
|b .H55 2000
|
| 090 |
0 |
0 |
|a LB1028.5
|b .H55 2000
|
| 100 |
1 |
|
|a حيلة، محمد محمود ,
|e author
|
| 241 |
1 |
0 |
|a Tasmim wa intaj al-wasa'il al-ta'limiyah al-Ta'allumiyah
|
| 245 |
1 |
0 |
|a تصميم وانتاج الوسائل التعليمية التعلمية
|c الأستاذ الدكتور محمد محمود الحيلة
|
| 250 |
|
|
|a الطبعة 5
|
| 260 |
|
|
|a Amman :
|b Dar al-Masirah lil Nashr wa al-Tawzi' wa al-Taba'ah ,
|c c2000
|
| 300 |
|
|
|a 472 p. ;
|c 25 cm.
|
| 504 |
|
|
|a Includes bibliographical references (p. 467-472)
|
| 650 |
|
0 |
|a Educational technology
|
| 650 |
|
0 |
|a Teaching
|x Aids and devices
|
| 999 |
|
|
|a 1000132883
|b Book
|c OPEN SHELF (30 DAYS)
|e Gong Badak Campus
|